02107nam a2200457 i 450000100060000000300080000600500170001400600190003100700150005000800410006502000180010603500230012403500240014703500250017103500210019604000310021705000280024808200160027611101100029224501240040225000230052626402020054930000410075133600310079233700330082333800430085649000260089950400420092558801240096759001640109165000660125565000370132165000680135865000380142665500270146470000330149179700190152483000270154385600620157099900170163226175FlNmELB20241216215900.0m o d | cr cnu||||||||140728s2008 ck ob 000 0 spa d z9789581202614 a(MiAaPQ)EBC3199575 a(Au-PeEL)EBL3199575 a(CaPaEBR)ebr10565826 a(OCoLC)992075044 aFINmELBbspaerdacFINmELB 4aPQ7081.A1b.C55154 20070 a860.9982232 aColoquio Internacional Literatura Hispanoamericana y sus Valoresn(3rd :d2007 :cSan José, Costa Rica)10aPersonaje literario hispanoamericano como un valor /cActas del III Coloquio Internacional ; editor, Bogdan Piotrowski. aPrimera edición. 1aChía, Colombia :bUniversidad de La Sabana, Instituto de Humanidades, Departamento de Lengua y Literatura :bRed Internacional de Investigación Literatura Hispanoamericana y sus Valores,c2008. a1 recurso en línea (303 páginas) atextobtxt2rdacontent/spa acomputadorabc2rdamedia/spa arecurso en líneabcr2rdacarrier/spa1 aSerie Valor y palabra aIncluye referencias bibliográficas. aDescripción basada en recurso en línea; Título de la página del título en PDF (e-libro, visto July 28, 2014). aRecurso electrónico. Santa Fe, Arg.: e-libro, 2015. Disponible vía World Wide Web. El acceso puede estar limitado para las bibliotecas afiliadas a e-libro. 4aLiteratura hispanoamericanaxHistoria y críticavCongresos. 4aValores y literaturavCongresos. 0aSpanish American literaturexHistory and criticismvCongresses. 0aValues in literaturevCongresses. 4aLibros electrónicos.1 aPiotrowski, Bogdan,eeditor.2 ae-libro, Corp. 0aSerie Valor y palabra.40uhttps://elibro.net/ereader/politecnicointernacional/68808 c26175d26175